Mathematics : (Record no. 176992)
[ view plain ]
| 000 -LEADER | |
|---|---|
| fixed length control field | 00967 a2200181 4500 |
| 003 - CONTROL NUMBER IDENTIFIER | |
| control field | NUST |
| 005 - DATE AND TIME OF LATEST TRANSACTION | |
| control field | 20221028123655.0 |
| 020 ## - INTERNATIONAL STANDARD BOOK NUMBER | |
| International Standard Book Number | 8121905273 |
| 040 ## - CATALOGING SOURCE | |
| Transcribing agency | Nust |
| 082 ## - DEWEY DECIMAL CLASSIFICATION NUMBER | |
| Classification number | 510,ARO |
| 100 ## - MAIN ENTRY--PERSONAL NAME | |
| Personal name | Arora .P.N |
| 9 (RLIN) | 101623 |
| 245 ## - TITLE STATEMENT | |
| Title | Mathematics : |
| Remainder of title | professional education (Course-I) C.A. Foundation Course / |
| Statement of responsibility, etc. | P.N.Arora, S.Arora |
| 260 ## - PUBLICATION, DISTRIBUTION, ETC. | |
| Place of publication, distribution, etc. | New Delhi |
| Name of publisher, distributor, etc. | S,Chand & Company Ltd |
| Date of publication, distribution, etc. | 1993 |
| 300 ## - PHYSICAL DESCRIPTION | |
| Extent | 604 P.: |
| 505 ## - FORMATTED CONTENTS NOTE | |
| Formatted contents note | Functions And Application (Page-1), Differential Calculus (Page-44), Applications Of Differential Calculus (Page-110), Integral Calculus (Page-141), Definite Integral (Page-183), Applications Of Integral Calculus (Page-202), Graph Of Linear Inequalities (Page-202), Arithmetic And Geometric Progressions (Page-255), Permutations And Combinations (Page-310), Matrices (Page-356), Mathematics Of Finance (Page-433), Objective Type Questions (Page-463), Galaxy of Soled Problems (Page-502). |
| 650 ## - SUBJECT ADDED ENTRY--TOPICAL TERM | |
| Topical term or geographic name entry element | Mathematics |
| 942 ## - ADDED ENTRY ELEMENTS (KOHA) | |
| Source of classification or shelving scheme | |
| Koha item type | Book |
| Call number prefix | 510,ARO |
| Withdrawn status | Lost status | Source of classification or shelving scheme | Damaged status | Not for loan | Permanent Location | Current Location | Shelving location | Date acquired | Full call number | Barcode | Date last seen | Price effective from | Koha item type | Public note |
|---|---|---|---|---|---|---|---|---|---|---|---|---|---|---|
| Military College of Signals (MCS) | Military College of Signals (MCS) | General Stacks | 12/12/2016 | 510,ARO | MCS32570 | 12/08/2016 | 12/12/2016 | Book Bank | Almirah No. A/135, Shelf No.3 |
